Geography of health (Record no. 396864)

MARC details
000 -LEADER
fixed length control field 00519 a2200205 4500
005 - DATE & TIME
control field 20260423140715.0
008 - FIXED-LENGTH DATA ELEMENTS--GENERAL INFORMATION
fixed length control field 260422b |||||||| |||| 00| 0 eng d
020 ## - ISBN
International Standard Book Number 9789355947345
Price Rs. 400.00
040 ## - CATALOGING SOURCE
Original cataloging agency VIVEKANANDA LIBRARY
082 ## - DDC NUMBER
Classification number 614.4
Book Number R137G
100 ## - MAIN ENTRY--PERSONAL NAME
Personal name Rajput, Swati
245 ## - TITLE STATEMENT
Title Geography of health
260 ## - PUBLICATION, DISTRIBUTION, ETC. (IMPRINT)
Name of publisher, distributor, etc Concept Publishing Company
Place of publication, distribution, etc New Delhi
Date of publication, distribution, etc 2024
300 ## - PHYSICAL DESCRIPTION
Pages xiii, 233
650 ## - Subject
Subject Technology
650 ## - Subject
Subject Public Health
650 ## - Subject
Subject Medicive
650 ## - Subject
Subject Medical Geography
942 ## - ADDED ENTRY ELEMENTS (KOHA)
Koha item type Books
Holdings
Withdrawn status Lost status Source of classification or shelving scheme Damaged status Not for loan Location (home branch) Sublocation or collection (holding branch) Shelving location Date acquired Koha issues (times borrowed) Koha full call number Accession No. Koha date last seen Koha item type
    Dewey Decimal Classification     VIVEKANANDA LIBRARY VIVEKANANDA LIBRARY Vivekananda Library 24/03/2026   614.4 R137G 438857 24/03/2026 Books
    Dewey Decimal Classification     VIVEKANANDA LIBRARY VIVEKANANDA LIBRARY Vivekananda Library 24/03/2026   614.4 R137G 438855 24/03/2026 Books
    Dewey Decimal Classification     VIVEKANANDA LIBRARY VIVEKANANDA LIBRARY Vivekananda Library 24/03/2026   614.4 R137G 438856 24/03/2026 Books
© Designed and Maintained by Vivekananda Library, MDU Rohtak